000 00594nam a2200229Ia 4500
003 OSt
005 20220928140336.0
006 a|||||r|||| 00| 0
007 ta
008 220927b |||||||| |||| 00| 0 eng d
024 _a7952
037 _cTextual
040 _aSDCL
_cSDCL
_beng
041 _2eng
_aeng
082 _aX:75.2'N9, N2
100 _aMisra S K
_9469572
245 0 _aIndian economy
_b Its development experience
260 _c1992
700 _a Puri V K
_9391499
942 _hX:75.2'N9, N2
_cTEXL
_2CC
999 _c810961
_d810961